000 00812nam a2200289 i 4500
001 17213
003 ES-MaACL
005 20250815125458.0
007 t|
008 010012s2000 sp ||||0| spa j
020 _a84-406-9543-8
040 _aM-BN
_bspa
_cM-BN
080 _a316.42"19"
080 _a002:001.895:316.42
100 1 _aFukuyama, Francis.
_952990
245 1 3 _aLa gran ruptura /
_cFrancis Fukuyama.
250 _a1ª ed.
260 _aBarcelona :
_bEdiciones B,
_c2000.
300 _a406 p. ;
_c23 cm.
490 1 _aSine qua non
650 1 4 _aCambio social-
_yS.XX
_910696
650 1 4 _aTecnología de la información-
_xAspectos sociales.
_917418
830 0 _aSine qua non
_9180323
852 _aES-MaACL
_jL-24223
_bR.129286
999 _c17213
_d17213